| 000 | 00371nam a2200157Ia 4500 | ||
|---|---|---|---|
| 008 | 221030s9999 xx 000 0 und d | ||
| 020 | _a0074621297 | ||
| 041 | _aEnglish | ||
| 082 |
_a105.23 _bGod |
||
| 100 | _aA. S. Godbole | ||
| 245 | 0 |
_aOperating Systems _cby A. S. Godbole |
|
| 260 |
_bTMH _aNew Delhi _c2000 |
||
| 300 | _a352 | ||
| 650 | _aBE Computer | ||
| 942 | _cBK | ||
| 999 |
_c6677 _d6677 |
||